000 00436cam a2200181 a 4500
001 2139609
005 20240327063820.0
008 980122s1998 ii a 001 0 eng
020 _a8122004997
040 _aDLC
_cDLC
082 _222
100 1 _aDixit, J. N.
245 1 0 _aAssignment Colombo /
_cJ.N. Dixit.
260 _aDelhi :
_bKonark Publishers,
_cc1998.
300 _axxi, 393 p. :
500 _aIncludes index.
942 _cBK
999 _c616
_d616